书目信息 |
| 题名: |
心理战
|
|
| 作者: | 谢列兹涅夫 编 ;张俊英 译 | |
| 分册: | ||
| 出版信息: | 长春 吉林人民出版社 1981.08 |
|
| 页数: | 226页 | |
| 开本: | 20cm | |
| 丛书名: | ||
| 单 册: | ||
| 中图分类: | E81 | |
| 科图分类: | ||
| 主题词: | 战略学--军事 | |
| 电子资源: | ||
| ISBN: | ||
| 000 | 00692nam0 2200205 45 | |
| 001 | 0404241532 | |
| 005 | 20070731090656.35 | |
| 010 | @dCNY0.70 | |
| 100 | @a20040424d1981 km y0chiy0120 ea | |
| 101 | 0 | @achi@crus |
| 200 | 1 | @a心理战@AXin Li Zhan@e战争与意识形态斗争@EZhan Zheng Yu Yi Shi Xing Tai Dou Zheng@f(苏)谢列兹涅夫等编@F(Su)Xie Lie Zi Nie Fu Deng Bian@g张俊英译 |
| 210 | @a长春@c吉林人民出版社@d1981.08 | |
| 215 | @a226页@d20cm | |
| 517 | @a战争与意识形态斗争@AZhan Zheng Yu Yi Shi Xing Tai Dou Zheng | |
| 606 | 0 | @a战略学@x军事 |
| 690 | @aE81@v3 | |
| 701 | 0 | @a谢列兹涅夫@4编 |
| 702 | 0 | @a张俊英@AZhang Jun Ying@4译 |
| 801 | @aCN@bTSTCL@c20070731 | |
| 905 | @f2@b176964-965@dE81@e13 | |
| 心理战:战争与意识形态斗争/(苏)谢列兹涅夫等编/张俊英译.-长春:吉林人民出版社,1981.08 |
| 226页;20cm |
| ISBN :CNY0.70 |
| ● |
| 相关链接 |
|
|
|
|
正题名:心理战
索取号:E81/13
 
预约/预借
| 序号 | 登录号 | 条形码 | 馆藏地/架位号 | 状态 | 备注 |
| 1 | 0176964 | 001263714 | 第一借阅区/ [索取号:E81/13] | 在馆 | |
| 2 | 0176965 | 001263705 | 密集书库/ [索取号:E81/13] | 在馆 | |
| 3 | 0176966 | 001263698 | 第一样本阅览室/ [索取号:E81/13] | 在馆 | |
| 4 | 0787050 | 207870507 | 密集书库/ [索取号:E81/13] | 在馆 |